00871nam a2200253 a 450000100060000000300080000600500170001400800410003102000180007203500190009004000350010904100080014408200270015224501180017924600720029725000250036926000830039430000330047750000190051065000210052970000250055070000230057570000190059866093BD-RjUL20211209081511.0170314s1915 ii a|||| |||| 001 0 eng d c: IRs. 150.00 a(BD-RjUL)66223 aBD-RjULbengcBD-RjULdBD-RjUL aeng 223a591.0954bFAU 191504aThe Fauna of British India, including Ceylon and Burma /cEdited by A. E. Shipley ; Assisted by Guy A. K. Marshal aMollusca :b(Freshwater Gastropoda & Pelecypoda) / by H. B. Preston a[Indian reprint ed.] aNew Delhi :bToday and Tomrrows Printers and Publisher,c1915 [Reprinted 1985] axi, 244 p. :bill. ;c24 cm. aIncludes index aZoology x India aShipley, A. E. , ed. aMarshal, Guy A. K. aPreston, H. B.